Sports Quiz

Random Sports or NBA Quiz

NBA Top 50 players Quiz Stats

 Plays Quiz not verified by Sporcle

Support Sporcle.
Go Orange.
Score 0/50 Timer 10:00
0 Plays Today
Hint Answer % Correct
Heat Cavaliers SFLeBron James
98.1%
Bulls Wizards SGMichael Jordan
97.3%
Lakers SGKobe Bryant
92.6%
Lakers PGMagic Johnson
90.7%
Spurs PFTim Duncan
90.3%
Bucks Lakers CKareem Abdul-Jabbar
88.3%
Lakers 76ers Warriors CWilt Chamberlain
88.3%
Celtics SFLarry Bird
87.2%
Magic Lakers Heat Suns Cavaliers Celtics CShaquille O'Neal
86.8%
Warriors PGStephen Curry
86%
Celtics CBill Russell
84%
Warriors ThunderKevin Durant
81.3%
Lakers PGJerry West
79.4%
Rockets raptors CHakeem Olajuwon
78.2%
Mavericks PFDirk Nowitzki
78.2%
Timberwolves Celtics PFKevin Garnett
77.8%
Jazz lakers PFKarl Malone
77.4%
76ers Rockets PFMoses Malone
77.4%
Jazz PGJohn Stockton
74.7%
Bucks Royals PGOscar Robertson
74.3%
Heat Bulls CavaliersDwyane Wade
73.9%
Bulls Trailblazers SFScottie Pippen
70.8%
Mavericks Suns Lakers PGSteve Nash
68.1%
Pelicans Clippers Rockets PGChris Paul
67.3%
76ers SFJulius Erving
65.8%
Hint Answer % Correct
Celtics Nets Wizards Clippers SFPaul Pierce
65.8%
Spurs CDavid Robinson
65.4%
76ers Nuggets Grizzlies SGAllen Iverson
62.6%
76ers Suns rockets PFCharles Barkley
61.9%
Pistons PGIsiah Thomas
61.1%
Nets Mavericks knicks PGJason Kidd
60.7%
Trailblazers SGClyde Drexler
58.8%
Knicks Magic CPatrick Ewing
56.8%
Bucks SuperSonics Celtics Heat SGRay Allen
56.4%
Magic Lakers Hawks Hornets CDwight Howard
56%
Pacers SGReggie Miller
52.5%
Hawks SFDominique Wilkins
50.2%
SuperSonics Lakers Heat PGGary Payton
49.8%
Spurs SFKawhi Leonard
48.2%
Lakers SFElgin Baylor
47.1%
Celtics PFKevin Mchale
45.1%
Celtics PGBob Cousy
42.8%
Celtics SFJohn Havlicek
42%
Hawks PFBob Pettit
39.3%
Spurs SFGeorge Gervin
38.1%
Knicks PGWalt Frazier
33.9%
Warriors SFRick Barry
33.1%
Lakers CGeorge Mikan
31.1%
Rockets Bullets PFElvin Hayes
29.6%
Nationals CDolph Schayes
13.6%

You're not logged in!

Compare scores with friends on all Sporcle quizzes.
OR
Log In

From the Vault

Actresses in Title Roles

by dropoff

Putting their names in the title is one way to help us remember the main characters.
Remove Ads.
Support Sporcle.
Get the best of Sporcle when you Go Orange. This ad-free experience offers more features, more stats, and more fun while also helping to support Sporcle. Thank you for becoming a member.

Show Comments

Extras

Top Quizzes Today


Score Distribution

Your Account Isn't Verified!

In order to create a playlist on Sporcle, you need to verify the email address you used during registration. Go to your Sporcle Settings to finish the process.

Report this User

Report this user for behavior that violates our Community Guidelines.

Details: